000 00791nam a22002657a 4500
001 BR8304236
003 BR-BrBNA
005 20230928091721.0
007 ta
008 230509b bl.||||| |||| 00| 0 por d
040 _aBR-BrBNA
_bpor
_cBiblioteca Nacional de Agricultura
041 _a(Por)
072 _aP12
090 _ P12 BR8304236
100 1 _aMaronelli, W.A.
110 1 _aUniversidade Federal de Vicosa, MG (Brasil)
_0Tese (Magister Scientiae)
245 1 _aAnalise de distribuicao das probabilidades de chuva, visando ao manejo da irrigacao suplementar
260 3 _aVicosa, MG (Brasil):
_c1983.
300 _a123 p.
500 _a41 tables; 37 ref.; Summary (Por)
650 _aCHUVA
650 _aIRRIGACAO
909 _a202309
_bLucia
_c55
_dLucia Elande
942 _cBK
999 _c35158
_d35158